Marine ecology: a comprehensive, integrated treatise on life in oceans an coastal waters

Saved in:
書目詳細資料
主要作者: Kinne, Otto (Author)
格式: 圖書
語言:英语
出版: Londres Wiley-Interscience 1970
主題:
標簽: 添加標簽
沒有標簽, 成為第一個標記此記錄!

MARC

LEADER 00000nam a2200000 a 4500
001 UCY2680
003 CL-VaPUC
008 941110e19700000UK |||||||||||||||||eng|d
082 0 4 |a 577.7  |b KIN  |2 21 
100 0 |a Kinne, Otto  |e author  |9 330764 
245 1 0 |a Marine ecology: a comprehensive, integrated treatise on life in oceans an coastal waters 
300 |a v 
942 |c BK 
945 |d 19941110 00:00:00  |a mfernand 
260 |a Londres  |b Wiley-Interscience  |c 1970 
650 0 |a Ecología marina   |9 259946 
583 |a last modification  |c 19941110 00:00:00  |k Rodrigo Vera 
999 |c 231029  |d 231027 
952 |0 0  |1 0  |2 ddc  |4 0  |6 577_700000000000000_KIN_1970  |7 0  |8 CCM  |9 233801  |a BIBCUR  |b BIBCUR  |c PAC  |d 2019-11-15  |h v.1 p.1  |i 3032345  |o 577.7 KIN 1970  |p 3032345  |r 2025-04-22  |w 2019-11-15  |y BK  |k CIM 
952 |0 0  |1 0  |2 ddc  |4 0  |6 577_700000000000000_KIN_1970  |7 0  |8 CCM  |9 233802  |a BIBCUR  |b BIBCUR  |c PAC  |d 2019-11-15  |h v.1 p.1  |i 3032353  |o 577.7 KIN 1970  |p 3032353  |r 2025-04-22  |w 2019-11-15  |y BK  |k CIM